栃木県の市町村(1960年) - Statistics

General Stats
  • This quiz has been taken 56 times
  • The average score is 41 of 54
Answer Stats
No. 市町村 備考 % Correct
1 宇都宮市
98%
6 日光市
95%
7 今市市 2006年消滅
95%
2 足利市
93%
3 栃木市
93%
4 佐野市
93%
5 鹿沼市
93%
8 小山市
93%
11 矢板市
93%
9 真岡市
90%
48 那須郡 那須町
90%
10 大田原市
88%
21 芳賀郡 茂木町
88%
24 下都賀郡 壬生町
88%
23 芳賀郡 芳賀町
85%
38 塩谷郡 塩谷村 1965年昇格
85%
43 那須郡 烏山町 2005年消滅
85%
40 塩谷郡 高根沢町
83%
49 那須郡 黒磯町 1970年昇格
83%
12 河内郡 上三川町
80%
18 上都賀郡 足尾町 2006年消滅
80%
20 芳賀郡 益子町
80%
29 下都賀郡 野木村 1963年昇格
78%
35 塩谷郡 塩原町 1982年郡変更
78%
37 塩谷郡 藤原町 2006年消滅
78%
39 塩谷郡 氏家町 2005年消滅
78%
52 安蘇郡 葛生町 2005年消滅
78%
22 芳賀郡 市貝村 1972年昇格
75%
32 下都賀郡 藤岡町 2010年消滅
75%
50 那須郡 西那須野町 2005年消滅
75%
25 下都賀郡 石橋町 2006年消滅
73%
51 安蘇郡 田沼町 2005年消滅
73%
26 下都賀郡 国分寺町 2006年消滅
70%
36 塩谷郡 栗山村 2006年消滅
70%
14 河内郡 上河内村 1994年昇格
68%
19 芳賀郡 二宮町 2009年消滅
68%
33 下都賀郡 岩舟村 1962年昇格
68%
34 下都賀郡 都賀村 1963年昇格
68%
41 塩谷郡 喜連川町 2005年消滅
68%
47 那須郡 黒羽町 2005年消滅
68%
13 河内郡 南河内村 1971年昇格
65%
15 河内郡 河内村 1966年昇格
65%
17 上都賀郡 粟野町 2006年消滅
65%
28 下都賀郡 間々田町 1963年消滅
65%
31 下都賀郡 大平村 1961年昇格
65%
45 那須郡 小川町 2005年消滅
65%
16 上都賀郡 西方村 1994年昇格
63%
44 那須郡 馬頭町 2005年消滅
63%
42 那須郡 南那須村 1971年昇格
60%
46 那須郡 湯津上村 2005年消滅
60%
27 下都賀郡 桑絹村 1961年昇格
53%
54 足利郡 御厨町 1962年消滅
50%
53 足利郡 坂西町 1962年消滅
48%
30 下都賀郡 美田村 1963年消滅
40%
No matching quizzes found
Score Distribution
Percent of People with Each Score
Percentile by Number Answered
Your Score History
You have not taken this quiz